[Event "HUN-chT4 2223"]
[Site "Gyor"]
[Date "2023.04.02"]
[Round "7"]
[White "Hadrik, Csaba"]
[Black "Wekszli, Arpad"]
[Result "1/2-1/2"]
[WhiteElo "1815"]
[BlackElo "1664"]
[PlyCount "29"]
[EventDate "2022.10.09"]
[EventType "team-tourn"]
[EventRounds "7"]
[EventCountry "HUN"]
[SourceTitle "EXT 2024"]
[Source "ChessBase"]
[SourceDate "2023.10.10"]
[SourceVersion "1"]
[SourceVersionDate "2023.10.10"]
[SourceQuality "1"]
[WhiteTeam "Fertoszentmiklos"]
[BlackTeam "Szigetkoez"]
[WhiteTeamCountry "HUN"]
[BlackTeamCountry "HUN"]

1. c4 g6 2. d4 Bg7 3. Nc3 d6 4. Nf3 Bg4 5. e3 Nd7 6. Be2 c6 7. h3 Bxf3 8. Bxf3 e5 9. d5 c5 10. e4 a6 11. Bd2 Ne7 12. Qc2 0-0 13. g4 Rb8 14. Be2 f6 15. h4 1/2-1/2

[Event "HUN-chT4 Chalupetzky 1819"]
[Site "Hunagry"]
[Date "2019.04.14"]
[Round "9.1"]
[White "Petrecz, Gyula"]
[Black "Wekszli, Arpad"]
[Result "0-1"]
[WhiteElo "1767"]
[BlackElo "1704"]
[PlyCount "76"]
[EventDate "2018.10.14"]
[EventType "team-tourn"]
[EventRounds "10"]
[EventCountry "HUN"]
[SourceTitle "EXT 2020"]
[Source "ChessBase"]
[SourceDate "2019.10.17"]
[SourceVersion "1"]
[SourceVersionDate "2019.10.17"]
[SourceQuality "1"]
[WhiteTeam "Toltestava Tornado"]
[BlackTeam "Lovo"]
[WhiteTeamCountry "HUN"]
[BlackTeamCountry "HUN"]

1. e4 g6 2. Bc4 e6 3. d4 d5 4. exd5 exd5 5. Bd3 Bg7 6. c3 Qe7+ 7. Ne2 Bg4 8. 0-0 Nf6 9. f3 Be6 10. Bg5 0-0 11. Qd2 Qd6 12. Ng3 Nbd7 13. Na3 a6 14. f4 Nb6 15. f5 Bd7 16. b4 Rac8 17. Rae1 Rfe8 18. fxg6 fxg6 19. Bf4 Qf8 20. c4 Rxe1 21. Qxe1 Re8 22. Qd2 dxc4 23. Nxc4 Nbd5 24. Be5 Qe7 25. a3 b5 26. Nb2 Ng4 27. Be4 c6 28. Nd3 Nxe5 29. Bxd5+ cxd5 30. dxe5 Bxe5 31. Re1 Bd4+ 32. Kh1 Qf6 33. Nc5 Rxe1+ 34. Qxe1 Bxc5 35. bxc5 Qe6 36. Qc1 Bc6 37. h3 d4 38. Qc2 Qxh3+ 0-1

[Event "HUN-chT4 Chalupetzky 1819"]
[Site "Hunagry"]
[Date "2019.03.24"]
[Round "8.1"]
[White "Molnar, Liza Dorottya"]
[Black "Wekszli, Arpad"]
[Result "0-1"]
[WhiteElo "1612"]
[BlackElo "1704"]
[PlyCount "108"]
[EventDate "2018.10.14"]
[EventType "team-tourn"]
[EventRounds "10"]
[EventCountry "HUN"]
[SourceTitle "EXT 2020"]
[Source "ChessBase"]
[SourceDate "2019.10.17"]
[SourceVersion "1"]
[SourceVersionDate "2019.10.17"]
[SourceQuality "1"]
[WhiteTeam "Gyor Bastya"]
[BlackTeam "Lovo"]
[WhiteTeamCountry "HUN"]
[BlackTeamCountry "HUN"]

1. e4 g6 2. d4 Bg7 3. Nc3 d6 4. Be3 Nd7 5. Qd2 Ngf6 6. f3 0-0 7. 0-0-0 c6 8. g4 Qa5 9. h4 b5 10. Kb1 Nb6 11. Nd5 Qxd2 12. Nxe7+ Kh8 13. Rxd2 Bb7 14. d5 cxd5 15. Bxb6 axb6 16. Nxd5 Nxd5 17. exd5 Rfe8 18. Ne2 Re5 19. Bg2 Rae8 20. Nc3 b4 21. Ne4 Bxd5 22. Nxd6 R8e7 23. Rhd1 Be6 24. Ne4 f5 25. Ng5 Bg8 26. gxf5 gxf5 27. Bf1 h6 28. Nh3 Ra5 29. Rd7 Bxa2+ 30. Kc1 Rxd7 31. Rxd7 Bd5 32. Bg2 Bd4 33. Kd2 Bxb2 34. Nf4 Bc4 35. Ng6+ Kg8 36. Ne7+ Kf8 37. f4 Be6 38. Ng6+ Kg8 39. Bd5 Bc3+ 40. Kd3 Rxd5+ 41. Rxd5 Bxd5 42. Ne7+ Kf7 43. Nxd5 Ke6 44. Nxb6 h5 45. Ke2 Bf6 46. Nc4 Bxh4 47. Ne3 Be7 48. Nd1 Kd5 49. Kd3 Bc5 50. c4+ Ke6 51. Ke2 Bd4 52. Kf3 Kd6 53. Ne3 b3 54. Nd1 Kc5 0-1

[Event "HUN-chT4 Chalupetzky 1718"]
[Site "Hungary"]
[Date "2018.01.21"]
[Round "5.4"]
[White "Egyed, Ferenc"]
[Black "Wekszli, Arpad"]
[Result "0-1"]
[WhiteElo "1761"]
[BlackElo "1696"]
[PlyCount "78"]
[EventDate "2017.10.15"]
[EventType "team-tourn"]
[EventRounds "7"]
[EventCountry "HUN"]
[SourceTitle "EXT 2019"]
[Source "ChessBase"]
[SourceDate "2018.10.10"]
[SourceVersion "1"]
[SourceVersionDate "2018.10.10"]
[SourceQuality "1"]
[WhiteTeam "Fertoszentmiklos"]
[BlackTeam "Lovo"]
[WhiteTeamCountry "HUN"]
[BlackTeamCountry "HUN"]

1. e4 g6 2. d4 Bg7 3. Nf3 d6 4. c3 Bg4 5. h3 Bxf3 6. Qxf3 e5 7. Be3 Qf6 8. Nd2 Qxf3 9. Nxf3 Nd7 10. dxe5 dxe5 11. Bc4 Bh6 12. Bxh6 Nxh6 13. 0-0-0 0-0-0 14. Rhe1 f6 15. Be6 Rhe8 16. Bxd7+ Rxd7 17. Rxd7 Kxd7 18. Nd2 Ke6 19. Nb3 b6 20. Kd2 Rd8+ 21. Ke2 Nf7 22. Rd1 Rxd1 23. Kxd1 Nd6 24. Nd2 a5 25. Ke2 b5 26. b4 a4 27. Kd3 f5 28. f3 f4 29. c4 c6 30. c5 Ne8 31. Ke2 g5 32. Kf2 Nc7 33. g4 a3 34. Ke2 Na6 35. Nb1 Nxb4 36. Nxa3 Nxa2 37. Nc2 Nc1+ 38. Kd2 Nb3+ 39. Kc3 Nxc5 0-1

[Event "HUN-chT4 Chalupetzky 1718"]
[Site "Hungary"]
[Date "2017.11.19"]
[Round "3.3"]
[White "Decsei, Sandor"]
[Black "Wekszli, Arpad"]
[Result "1/2-1/2"]
[WhiteElo "1599"]
[BlackElo "1696"]
[PlyCount "165"]
[EventDate "2017.10.15"]
[EventType "team-tourn"]
[EventRounds "7"]
[EventCountry "HUN"]
[SourceTitle "EXT 2019"]
[Source "ChessBase"]
[SourceDate "2018.10.10"]
[SourceVersion "1"]
[SourceVersionDate "2018.10.10"]
[SourceQuality "1"]
[WhiteTeam "Toltestava Tornado"]
[BlackTeam "Lovo"]
[WhiteTeamCountry "HUN"]
[BlackTeamCountry "HUN"]

1. Nf3 g6 2. g3 Bg7 3. c4 b6 4. Bg2 Bb7 5. 0-0 Nf6 6. d4 0-0 7. Nc3 c6 8. Re1 d5 9. cxd5 Nxd5 10. e4 Nxc3 11. bxc3 c5 12. Bb2 Nc6 13. Qe2 cxd4 14. Rad1 e5 15. cxd4 exd4 16. e5 Re8 17. Nxd4 Rxe5 18. Nxc6 Rxe2 19. Nxd8 Rxe1+ 20. Rxe1 Rxd8 21. Bxb7 Bxb2 22. Ba6 Rd2 23. Re2 Rd1+ 24. Kg2 Bd4 25. Re8+ Kg7 26. Bc4 Bc5 27. Re2 Rd4 28. Bb3 b5 29. Rc2 Bb6 30. Re2 a5 31. Re7 a4 32. Rxf7+ Kh6 33. Be6 Rd2 34. h4 Re2 35. Bc8 Rxa2 36. g4 Bd8 37. g5+ Bxg5 38. hxg5+ Kxg5 39. Rxh7 b4 40. Be6 b3 41. Rb7 Kf6 42. Bg8 Rd2 43. Rb4 Rd8 44. Bc4 Ra8 45. Kf3 a3 46. Rb6+ Kg5 47. Rxb3 a2 48. Rb5+ Kh6 49. Bxa2 Rxa2 50. Kg3 Ra4 51. f4 Ra1 52. Kf3 Rf1+ 53. Ke4 Re1+ 54. Kf3 Re8 55. Rg5 Rf8 56. Kg4 Rb8 57. Rd5 Rb6 58. Rg5 Rb1 59. Kf3 Rf1+ 60. Ke3 Kg7 61. Ke4 Kf6 62. Ra5 Re1+ 63. Kf3 Re6 64. Kg4 Rc6 65. Kf3 Kg7 66. Ke3 Re6+ 67. Kf3 Rf6 68. Kg4 Rb6 69. Kg5 Rf6 70. Kg4 Kh6 71. Rg5 Ra6 72. Rb5 Ra1 73. Kf3 Rf1+ 74. Kg3 Rg1+ 75. Kf3 Rh1 76. Kg4 Rg1+ 77. Kf3 Re1 78. Ra5 Re8 79. Kg4 Rf8 80. Rg5 Rf7 81. Kf3 Rf5 82. Kg4 Rf6 83. Ra5 1/2-1/2

[Event "HUN-chT4 1617"]
[Site "Hungary"]
[Date "2017.04.23"]
[Round "7.2"]
[White "Wekszli, Arpad"]
[Black "Nemeth, Balint"]
[Result "0-1"]
[WhiteElo "1685"]
[BlackElo "1866"]
[PlyCount "82"]
[EventDate "2016.10.02"]
[EventType "team-tourn"]
[EventRounds "7"]
[EventCountry "HUN"]
[SourceTitle "EXT 2019"]
[Source "ChessBase"]
[SourceDate "2018.10.10"]
[SourceVersion "1"]
[SourceVersionDate "2018.10.10"]
[SourceQuality "1"]

1. e4 e5 2. f4 exf4 3. Nf3 d5 4. exd5 Nf6 5. c4 c6 6. dxc6 Nxc6 7. d4 Bg4 8. Be2 Bd6 9. 0-0 0-0 10. Nc3 Qd7 11. Nb5 Rfe8 12. c5 Bc7 13. Nxc7 Qxc7 14. Bb5 Rad8 15. Bxc6 bxc6 16. Qd2 Re4 17. Qf2 Bxf3 18. Qxf3 Rdxd4 19. b3 Qd7 20. Ba3 Rd3 21. Qf2 Rd2 22. Qf3 Qd4+ 23. Kh1 g5 24. Rad1 g4 25. Rxd2 Qxd2 26. Qd1 Qxd1 27. Rxd1 Nd5 28. h3 g3 29. Bb2 Re2 30. Bd4 Rxa2 31. Re1 Kf8 32. Be5 Rf2 33. h4 f6 34. Bd4 Rd2 35. Bg1 Rb2 36. Ra1 Ne3 37. Rxa7 Nxg2 38. Rc7 Nxh4 39. Rxc6 Nf3 40. Rxf6+ Kg7 41. Rxf4 g2# 0-1

[Event "HUN-chT4 1617"]
[Site "Hungary"]
[Date "2017.01.15"]
[Round "4.2"]
[White "Koberl, Sandor"]
[Black "Wekszli, Arpad"]
[Result "0-1"]
[WhiteElo "1624"]
[BlackElo "1653"]
[PlyCount "50"]
[EventDate "2016.10.02"]
[EventType "team-tourn"]
[EventRounds "7"]
[EventCountry "HUN"]
[SourceTitle "EXT 2019"]
[Source "ChessBase"]
[SourceDate "2018.10.10"]
[SourceVersion "1"]
[SourceVersionDate "2018.10.10"]
[SourceQuality "1"]

1. e4 g6 2. d4 Bg7 3. Be3 d6 4. Bd3 Nc6 5. Bb5 Bd7 6. c3 a6 7. Bxc6 Bxc6 8. d5 Bd7 9. h3 Nf6 10. f3 e6 11. Ne2 exd5 12. exd5 0-0 13. Bd4 Re8 14. Bxf6 Qxf6 15. 0-0 Bb5 16. Rf2 Re7 17. Na3 Bxe2 18. Rxe2 Rae8 19. Rxe7 Rxe7 20. Qd2 Qh4 21. Qf2 Qg5 22. Rd1 b5 23. Nc2 Be5 24. Rf1 Bg3 25. Qd4 Re2 0-1

[Event "HUN-chT4 1617"]
[Site "Hungary"]
[Date "2016.12.04"]
[Round "3.4"]
[White "Nagy, Istvan"]
[Black "Wekszli, Arpad"]
[Result "1-0"]
[WhiteElo "1765"]
[BlackElo "1660"]
[PlyCount "135"]
[EventDate "2016.10.02"]
[EventType "team-tourn"]
[EventRounds "7"]
[EventCountry "HUN"]
[SourceTitle "EXT 2019"]
[Source "ChessBase"]
[SourceDate "2018.10.10"]
[SourceVersion "1"]
[SourceVersionDate "2018.10.10"]
[SourceQuality "1"]

1. e4 g6 2. d4 Bg7 3. c3 d6 4. Be3 Nd7 5. f4 e5 6. Nf3 Ngf6 7. fxe5 dxe5 8. Qd3 Ng4 9. d5 Nxe3 10. Qxe3 0-0 11. Bd3 b6 12. Nbd2 Nc5 13. Bc2 f5 14. 0-0-0 f4 15. Qf2 Bg4 16. b4 Nb7 17. h3 Bxf3 18. gxf3 b5 19. Nb3 a5 20. bxa5 Nxa5 21. Nxa5 Rxa5 22. Bb3 Qd6 23. Rd2 Raa8 24. h4 h5 25. Rg1 Kh7 26. Rg2 c5 27. dxc6 Qxc6 28. Rc2 Rac8 29. Qg1 Rf6 30. Rgd2 Rd6 31. Bd5 Qc7 32. Qd1 Rcd8 33. Rd3 Bf8 34. Rb2 Rxd5 35. exd5 Ba3 36. Kc2 Bxb2 37. Kxb2 Qc4 38. a3 Rd6 39. Rd2 Kh6 40. Qg1 Rf6 41. Qg5+ Kg7 42. Qxe5 Qc8 43. d6 Qd7 44. Kb3 Kf7 45. Qd5+ Re6 46. Kb4 Ke8 47. Rd4 Kf8 48. Rxf4+ Kg7 49. Rd4 Rf6 50. Re4 Qxd6+ 51. Qxd6 Rxd6 52. Kxb5 Rd3 53. Rc4 Rxf3 54. a4 Rf5+ 55. Kb6 g5 56. hxg5 Rxg5 57. Rh4 Kg6 58. a5 Rg4 59. Rh3 Kg5 60. a6 h4 61. a7 Ra4 62. Kb7 Kg4 63. Rh1 Kg3 64. a8Q Rxa8 65. Kxa8 h3 66. c4 Kg2 67. Rxh3 Kxh3 68. c5 1-0

[Event "HUN-chT2 Szechenyi 1516"]
[Site "Hungary"]
[Date "2015.09.13"]
[Round "1.12"]
[White "Halaszi, Csaba Peter"]
[Black "Wekszli, Arpad"]
[Result "0-1"]
[WhiteElo "1586"]
[BlackElo "1692"]
[PlyCount "120"]
[EventDate "2015.09.13"]
[EventType "team-tourn"]
[EventRounds "11"]
[EventCountry "HUN"]
[SourceTitle "CBM 170 Extra"]
[Source "ChessBase"]
[SourceDate "2016.02.25"]
[SourceVersion "1"]
[SourceVersionDate "2016.02.25"]
[SourceQuality "1"]
[WhiteTeam "Ajka Banyasz"]
[BlackTeam "Lovo"]
[WhiteTeamCountry "HUN"]
[BlackTeamCountry "HUN"]

1. e4 g6 2. d4 Bg7 3. Be3 d6 4. Qd2 Nf6 5. Nc3 Ng4 6. Bf4 e5 7. dxe5 Bxe5 8. f3 Bxf4 9. Qxf4 Nf6 10. 0-0-0 Nbd7 11. Nd5 Nxd5 12. exd5 0-0 13. g4 Qf6 14. Qxf6 Nxf6 15. h4 h5 16. gxh5 Nxh5 17. Bh3 Nf4 18. Bxc8 Raxc8 19. Nh3 Nxh3 20. Rxh3 Rce8 21. h5 Re3 22. Rg1 Rfe8 23. Rhg3 Re1+ 24. Rxe1 Rxe1+ 25. Kd2 Re5 26. hxg6 Rxd5+ 27. Ke2 f6 28. f4 Kg7 29. Ke3 Rh5 30. Rg2 f5 31. b3 c5 32. c4 Rh3+ 33. Ke2 Rc3 34. Rg5 Rc2+ 35. Kd3 Rxa2 36. Rxf5 Kxg6 37. Rd5 Ra6 38. Ke4 Kf6 39. Rd3 Rc6 40. Kd5 Kf5 41. Rf3 Rb6 42. Rf2 Rxb3 43. Kxd6 b6 44. Kc6 Rb4 45. Kd5 a5 46. Kc6 a4 47. Kd5 Rb3 48. Ra2 a3 49. Kd6 Kxf4 50. Kd5 Ke3 51. Ke5 Kd3 52. Kd5 Kc3 53. Kd6 Kxc4 54. Kc6 b5 55. Rc2+ Rc3 56. Ra2 b4 57. Ra1 Kb3 58. Kb5 Kb2 59. Rd1 a2 60. Ka4 a1Q+ 0-1

[Event "HUN-chT4a 1415"]
[Site "Hungary"]
[Date "2015.04.12"]
[Round "7.1"]
[White "Wekszli, Arpad"]
[Black "Nagy, Tibor"]
[Result "0-1"]
[WhiteElo "1678"]
[BlackElo "1744"]
[PlyCount "65"]
[EventDate "2014.10.19"]
[EventType "team-tourn"]
[EventRounds "7"]
[EventCountry "HUN"]
[SourceTitle "EXT 2016"]
[Source "ChessBase"]
[SourceDate "2015.10.08"]
[SourceVersion "1"]
[SourceVersionDate "2015.10.08"]
[SourceQuality "1"]

1. e4 e5 2. f4 Nc6 3. Nf3 Nf6 4. fxe5 Nxe4 5. d3 Nc5 6. c3 d6 7. d4 Ne4 8. Bd3 d5 9. 0-0 Bg4 10. Qe1 Bxf3 11. Rxf3 Ng5 12. Bxg5 Qxg5 13. Bf5 g6 14. Bh3 Bh6 15. Na3 a6 16. Qf2 0-0 17. Rf1 Rae8 18. Nc2 Nd8 19. Ne3 Bg7 20. Nxd5 c6 21. Nf6+ Bxf6 22. Rxf6 c5 23. e6 Kg7 24. exf7 Re3 25. d5 Rxh3 26. Rf4 Rd3 27. c4 b6 28. h4 Qg3 29. Qc2 Rxf7 30. Rxf7+ Nxf7 31. b3 Qe3+ 32. Rf2 Qd4 33. Qe2 0-1

[Event "HUN-chT4a 1415"]
[Site "Hungary"]
[Date "2015.01.18"]
[Round "4.1"]
[White "Davidhazy, Robert"]
[Black "Wekszli, Arpad"]
[Result "1/2-1/2"]
[WhiteElo "1642"]
[BlackElo "1678"]
[PlyCount "92"]
[EventDate "2014.10.19"]
[EventType "team-tourn"]
[EventRounds "7"]
[EventCountry "HUN"]
[SourceTitle "EXT 2016"]
[Source "ChessBase"]
[SourceDate "2015.10.08"]
[SourceVersion "1"]
[SourceVersionDate "2015.10.08"]
[SourceQuality "1"]

1. e4 g6 2. d4 Bg7 3. Nf3 d6 4. Nc3 Bg4 5. Be2 Nd7 6. h3 Bxf3 7. Bxf3 e5 8. d5 Ne7 9. 0-0 0-0 10. Be3 f5 11. Bg5 h6 12. Bd2 Nf6 13. Be3 f4 14. Bd2 Kh7 15. Bg4 Nxg4 16. Qxg4 Qc8 17. Qxc8 Raxc8 18. f3 Bf6 19. Ne2 Bh4 20. Be1 Bxe1 21. Rfxe1 g5 22. Kf2 h5 23. Rh1 h4 24. Rhc1 Kg7 25. c4 Kf6 26. b4 c5 27. b5 Ra8 28. a4 Rfb8 29. Rcb1 a5 30. Nc3 b6 31. Ne2 Ng8 32. Rc1 Kg6 33. Rh1 Nf6 34. Nc3 Rg8 35. Rhe1 Raf8 36. Rad1 Rf7 37. Rh1 Rfg7 38. Rde1 Kh5 39. Rd1 Kg6 40. Ne2 Nh5 41. Rhe1 Kf7 42. Ra1 Ke7 43. Rac1 Rf8 44. Rg1 Rgf7 45. Rcf1 Kd7 46. Ra1 Rh8 1/2-1/2

[Event "HUN-chT2 Szechenyi 1415"]
[Site "Hungary"]
[Date "2014.12.14"]
[Round "6.12"]
[White "Gaal, Zsoka"]
[Black "Wekszli, Arpad"]
[Result "0-1"]
[WhiteElo "1258"]
[BlackElo "1624"]
[PlyCount "96"]
[EventDate "2014.09.07"]
[EventType "team-tourn"]
[EventRounds "11"]
[EventCountry "HUN"]
[SourceTitle "EXT 2016"]
[Source "ChessBase"]
[SourceDate "2015.10.08"]
[SourceVersion "1"]
[SourceVersionDate "2015.10.08"]
[SourceQuality "1"]
[WhiteTeam "Tapolca"]
[BlackTeam "Lovo"]
[WhiteTeamCountry "HUN"]
[BlackTeamCountry "HUN"]

1. Nf3 d6 2. d4 g6 3. g3 Bg7 4. c4 c6 5. Bg2 Bg4 6. 0-0 Nd7 7. Nc3 Ngf6 8. h3 Bxf3 9. Bxf3 0-0 10. Bg5 Ne8 11. e4 f6 12. Be3 e5 13. d5 c5 14. Qb3 b6 15. a4 f5 16. Bd2 f4 17. Bg4 h5 18. Be6+ Kh7 19. h4 g5 20. Qd1 g4 21. Kg2 f3+ 22. Kh2 Bf6 23. Bg5 Ng7 24. Bxf6 Nxf6 25. Qd2 Qe7 26. Rad1 Rad8 27. Bf5+ Nxf5 28. exf5 Rg8 29. Qc2 Rdf8 30. Ne4 Nxe4 31. Qxe4 Qf6 32. Qe3 Qxf5 33. Qd2 Rf7 34. a5 Rb8 35. axb6 Rxb6 36. Ra1 Rfb7 37. Ra2 Rb4 38. Rfa1 a5 39. Rxa5 Rxb2 40. Qe3 R7b3 41. Ra7+ Kg6 42. Qe1 Re2 43. Qf1 Rbb2 44. Kg1 Qc2 45. R7a6 Rxf2 46. Rxd6+ Kf5 47. Qe1 Rg2+ 48. Kf1 Qd3+ 0-1

[Event "HUN-chT4a 1415"]
[Site "Hungary"]
[Date "2014.12.07"]
[Round "3.3"]
[White "Wekszli, Arpad"]
[Black "Nagy, Istvan"]
[Result "1-0"]
[WhiteElo "1678"]
[BlackElo "1846"]
[PlyCount "21"]
[EventDate "2014.10.19"]
[EventType "team-tourn"]
[EventRounds "7"]
[EventCountry "HUN"]
[SourceTitle "EXT 2016"]
[Source "ChessBase"]
[SourceDate "2015.10.08"]
[SourceVersion "1"]
[SourceVersionDate "2015.10.08"]
[SourceQuality "1"]

1. e4 e5 2. f4 d6 3. Nf3 Nc6 4. c3 Bg4 5. Bb5 a6 6. Ba4 b5 7. Bb3 exf4 8. Bd5 Nge7 9. Bxf7+ Kd7 10. 0-0 Ne5 11. Nxe5+ 1-0

[Event "HUN-chT4 1314"]
[Site "Hungary"]
[Date "2014.05.04"]
[Round "10.3"]
[White "Wekszli, Arpad"]
[Black "Horvath, Laszlo"]
[Result "1-0"]
[WhiteElo "1624"]
[BlackElo "2208"]
[PlyCount "49"]
[EventDate "2013.10.13"]
[EventType "team-tourn"]
[EventRounds "11"]
[EventCountry "HUN"]
[SourceTitle "EXT 2016"]
[Source "ChessBase"]
[SourceDate "2015.10.08"]
[SourceVersion "1"]
[SourceVersionDate "2015.10.08"]
[SourceQuality "1"]

1. e4 e5 2. f4 exf4 3. Nf3 Bd6 4. Bc4 h6 5. d4 Bb4+ 6. c3 Ba5 7. Bxf4 d6 8. 0-0 Nf6 9. e5 dxe5 10. Nxe5 0-0 11. Qf3 c6 12. Bxh6 gxh6 13. Qxf6 Qxf6 14. Rxf6 Kh7 15. Bxf7 Nd7 16. Bg6+ Kg7 17. Rxf8 Nxf8 18. Be4 Bc7 19. Nf3 Bg4 20. Nbd2 Re8 21. Kf2 Bf4 22. Bd3 Re3 23. Bf1 Kf6 24. g3 Bxf3 25. gxf4 1-0

[Event "HUN-chT4 1314"]
[Site "Hungary"]
[Date "2014.03.16"]
[Round "8.2"]
[White "Wekszli, Arpad"]
[Black "Lukacsi, Zsolt"]
[Result "1-0"]
[WhiteElo "1603"]
[BlackElo "1661"]
[PlyCount "79"]
[EventDate "2013.10.13"]
[EventType "team-tourn"]
[EventRounds "11"]
[EventCountry "HUN"]
[SourceTitle "EXT 2016"]
[Source "ChessBase"]
[SourceDate "2015.10.08"]
[SourceVersion "1"]
[SourceVersionDate "2015.10.08"]
[SourceQuality "1"]

1. e4 e5 2. f4 exf4 3. Nf3 Be7 4. Bc4 Bh4+ 5. g3 fxg3 6. 0-0 gxh2+ 7. Kh1 Nh6 8. d4 0-0 9. Bxh6 gxh6 10. Ne5 d6 11. Nxf7 Qe7 12. Nxd6+ Kh8 13. Rxf8+ Qxf8 14. Nxc8 Qxc8 15. Qh5 Bg5 16. Nd2 Nc6 17. Nf3 Qe8 18. Qxe8+ Rxe8 19. e5 Ne7 20. Kxh2 c6 21. Bf7 Rf8 22. Nxg5 hxg5 23. e6 Rd8 24. c3 Kg7 25. Kg3 Rd5 26. Re1 Kf6 27. Kg4 h6 28. Kf3 Rf5+ 29. Ke2 Ng6 30. Bxg6 Kxg6 31. Kd3 Rf8 32. c4 Re8 33. d5 Kf6 34. Kd4 g4 35. Rf1+ Kg6 36. Ke5 h5 37. d6 g3 38. d7 Rh8 39. e7 h4 40. e8Q+ 1-0

[Event "HUN-chT4a 1314"]
[Site "Hungary"]
[Date "2014.03.08"]
[Round "8.2"]
[White "Javorka, Janos"]
[Black "Wekszli, Arpad"]
[Result "0-1"]
[WhiteElo "1451"]
[BlackElo "1586"]
[PlyCount "94"]
[EventDate "2013.09.28"]
[EventType "team-tourn"]
[EventRounds "9"]
[EventCountry "HUN"]
[SourceTitle "EXT 2016"]
[Source "ChessBase"]
[SourceDate "2015.10.08"]
[SourceVersion "1"]
[SourceVersionDate "2015.10.08"]
[SourceQuality "1"]

1. d4 g6 2. Bf4 d6 3. Nc3 Bg7 4. e4 a6 5. Nf3 Bg4 6. Be2 Nd7 7. h3 Bxf3 8. Bxf3 e5 9. dxe5 Nxe5 10. Bxe5 Bxe5 11. Qd2 c6 12. 0-0 Qf6 13. Be2 Ne7 14. f4 Bd4+ 15. Kh1 Bxc3 16. bxc3 Qe6 17. Qd4 0-0 18. Bg4 f5 19. exf5 Nxf5 20. Bxf5 Rxf5 21. Rae1 Qf6 22. g4 Qxd4 23. cxd4 Rf7 24. Kg2 Kf8 25. Kg3 Re8 26. Rxe8+ Kxe8 27. f5 gxf5 28. Rxf5 Rxf5 29. gxf5 Kf7 30. Kf4 Kf6 31. h4 h5 32. Ke4 d5+ 33. Kf4 b6 34. c3 c5 35. a3 cxd4 36. cxd4 b5 37. Ke3 Kxf5 38. Kf3 a5 39. Ke3 b4 40. axb4 axb4 41. Kd3 Kf4 42. Kc2 Ke4 43. Kb3 Kxd4 44. Kxb4 Ke3 45. Kc3 d4+ 46. Kc2 Ke2 47. Kc1 d3 0-1

[Event "HUN-chT4a 1314"]
[Site "Hungary"]
[Date "2014.01.11"]
[Round "6.3"]
[White "Balogh, Zoltan"]
[Black "Wekszli, Arpad"]
[Result "1/2-1/2"]
[WhiteElo "2071"]
[BlackElo "1586"]
[PlyCount "132"]
[EventDate "2013.09.28"]
[EventType "team-tourn"]
[EventRounds "9"]
[EventCountry "HUN"]
[SourceTitle "EXT 2016"]
[Source "ChessBase"]
[SourceDate "2015.10.08"]
[SourceVersion "1"]
[SourceVersionDate "2015.10.08"]
[SourceQuality "1"]

1. e4 g6 2. Nf3 Bg7 3. Bc4 e6 4. Nc3 c6 5. Bb3 Ne7 6. 0-0 0-0 7. d4 d5 8. e5 b5 9. a3 a5 10. Ne2 Qc7 11. Qd3 Ba6 12. Qd2 Nd7 13. c3 c5 14. Bc2 Rac8 15. Bd3 c4 16. Bc2 a4 17. Ng3 Nc6 18. Re1 Rce8 19. Ng5 Na5 20. Re3 Bh6 21. h4 Nb3 22. Bxb3 cxb3 23. Qd1 Bxg5 24. hxg5 Kg7 25. Qg4 Rh8 26. Rf3 Reg8 27. Qh4 Kf8 28. Qh6+ Ke8 29. Ne2 Nb6 30. Nf4 Qe7 31. Nd3 Nd7 32. Be3 Bb7 33. Rd1 Qf8 34. Qh4 Qe7 35. Qh3 Rf8 36. Rg3 Nb6 37. Nc5 Nc4 38. Bc1 Bc8 39. Rdd3 Nxe5 40. dxe5 Qxc5 41. Be3 Qc7 42. Bd4 Ba6 43. Rd2 Qc4 44. Rgd3 Qc7 45. Re3 Qe7 46. f4 Rfg8 47. Rg3 Qf8 48. Qh6 Qe7 49. Rf3 Qc7 50. g4 Qe7 51. Rg2 Qf8 52. Qxf8+ Rxf8 53. Bc5 Rfg8 54. f5 h6 55. gxh6 Rxh6 56. Bd4 Rgh8 57. fxe6 fxe6 58. g5 Rh1+ 59. Kf2 Rf8 60. Rf6 Rxf6+ 61. gxf6 Kf7 62. Kg3 Bb7 63. Rh2 Rxh2 64. Kxh2 Bc6 65. Kg3 Be8 66. Kg4 Bc6 1/2-1/2